[Event "British Rapidplay"]
[Site "Peterborough"]
[Date "2025.03.02"]
[Round "8"]
[White "Slaby, Jerzy"]
[Black "Mikalajunas, Kajus"]
[Result "1-0"]
[WhiteElo "2464"]
[BlackElo "2080"]
[PlyCount "111"]
[EventDate "2025.03.01"]
[EventType "swiss (rapid)"]
[EventRounds "11"]
[EventCountry "ENG"]
[SourceTitle "CB10_2025"]
[SourceDate "2025.03.05"]
[SourceVersion "1"]
[SourceVersionDate "2025.03.05"]
[SourceQuality "1"]

1. e4 c6 2. d4 d5 3. f3 e6 4. Nc3 Bb4 5. Bd2 Ne7 6. a3 Ba5 7. Nge2 0-0 8. Bf4 Nd7 9. Qd2 dxe4 10. fxe4 Nf6 11. Ng3 Ng6 12. Bg5 e5 13. d5 cxd5 14. b4 d4 15. Nd5 Bb6 16. Bxf6 gxf6 17. Nh5 Nf4 18. Ndxf4 exf4 19. Qxf4 Qc7 20. Nxf6+ Kh8 21. Qxc7 Bxc7 22. Bd3 Be6 23. 0-0 Be5 24. Rf3 Rac8 25. Nd5 Rfd8 26. Raf1 Bxd5 27. exd5 f6 28. Rh3 Rc7 29. Be4 Rdd7 30. Rf5 Rc3 31. Rxc3 dxc3 32. Rh5 Re7 33. Rh4 Bd4+ 34. Kf1 Be5 35. Bf5 Rc7 36. Ke2 Rg7 37. g3 Re7 38. Kd3 b6 39. Rc4 Kg7 40. Rc6 Re8 41. d6 Rd8 42. d7 Kf8 43. Kc4 Ke7 44. Kb5 Bd4 45. Ka6 Bg1 46. h3 Bd4 47. g4 h6 48. Rc4 Be5 49. Kxa7 b5 50. Rc8 Bf4 51. Ka6 Bc1 52. Rxc3 Bxa3 53. Re3+ Kd6 54. Rxa3 Kc6 55. Rc3+ Kd6 56. Rc8 1-0

[Event "British Rapidplay"]
[Site "Peterborough"]
[Date "2025.03.01"]
[Round "5"]
[White "Mikalajunas, Kajus"]
[Black "Martyn, Rafe"]
[Result "1/2-1/2"]
[WhiteElo "2080"]
[BlackElo "2201"]
[PlyCount "95"]
[EventDate "2025.03.01"]
[EventType "swiss (rapid)"]
[EventRounds "11"]
[EventCountry "ENG"]
[SourceTitle "CB10_2025"]
[SourceDate "2025.03.05"]
[SourceVersion "1"]
[SourceVersionDate "2025.03.05"]
[SourceQuality "1"]

1. Nf3 d5 2. g3 Nf6 3. Bg2 c6 4. 0-0 Bg4 5. d3 Nbd7 6. c4 e6 7. cxd5 exd5 8. Nc3 Bd6 9. e4 0-0 10. Re1 Ne5 11. d4 Nxf3+ 12. Bxf3 Bxf3 13. Qxf3 Nxe4 14. Nxe4 dxe4 15. Rxe4 Re8 16. Rh4 Re1+ 17. Kg2 Be7 18. Rh5 Bf6 19. Rf5 Qe7 20. d5 c5 21. d6 Qxd6 22. Bf4 Qe6 23. Rxe1 Qxe1 24. Qxb7 Re8 25. Rxc5 Bd4 26. Rc2 Bb6 27. Qc6 Re6 28. Qa4 h6 29. Rc8+ Kh7 30. Qc2+ g6 31. Qd2 Qe4+ 32. f3 Qe2+ 33. Qxe2 Rxe2+ 34. Kh3 g5 35. Bb8 Rxb2 36. g4 Rxa2 37. Be5 f6 38. Bxf6 Kg6 39. Be5 Re2 40. Bg3 Re6 41. f4 gxf4 42. Bxf4 Bd4 43. Rc4 Be3 44. Bxe3 Rxe3+ 45. Kh4 Ra3 46. Rc6+ Kg7 47. Rc7+ Kg6 48. Rc6+ 1/2-1/2

[Event "British Rapidplay"]
[Site "Peterborough"]
[Date "2025.03.01"]
[Round "4"]
[White "Murawski, Jan"]
[Black "Mikalajunas, Kajus"]
[Result "0-1"]
[WhiteElo "2079"]
[BlackElo "2080"]
[PlyCount "104"]
[EventDate "2025.03.01"]
[EventType "swiss (rapid)"]
[EventRounds "11"]
[EventCountry "ENG"]
[SourceTitle "CB10_2025"]
[SourceDate "2025.03.05"]
[SourceVersion "1"]
[SourceVersionDate "2025.03.05"]
[SourceQuality "1"]

1. c4 e5 2. Nc3 Nc6 3. Nf3 f5 4. d4 e4 5. d5 exf3 6. dxc6 fxg2 7. cxd7+ Qxd7 8. Qxd7+ Bxd7 9. Bxg2 0-0-0 10. Bf4 Bb4 11. Be5 Nf6 12. 0-0-0 Ng4 13. Bg3 Bxc3 14. bxc3 f4 15. Bh4 g5 16. Bxg5 Rdg8 17. Bxf4 Nxf2 18. Be5 Rxg2 19. Bxh8 Nxh1 20. Rxh1 Rxe2 21. h4 Rxa2 22. Kb1 Ra4 23. c5 Bf5+ 24. Kb2 Be6 25. Bd4 Ra2+ 26. Kb1 Rg2 27. Rf1 Rh2 28. Rf4 a5 29. Be5 Rh1+ 30. Kb2 Rh2+ 31. Kb1 Rh1+ 32. Kb2 Kd7 33. Bf6 Rh2+ 34. Kb1 Bb3 35. Be5 Rh1+ 36. Kb2 a4 37. Ka3 Ra1+ 38. Kb4 Rb1 39. Ka3 Kc6 40. Bd4 Kb5 41. Be5 Re1 42. Bxc7 Re2 43. Rb4+ Kc6 44. Rg4 Kxc7 45. Rg7+ Kc6 46. Rxh7 Kxc5 47. Rc7+ Kb6 48. Rh7 Ka5 49. Rh5+ b5 50. Rxb5+ Kxb5 51. c4+ Ka5 52. c5 Ra2# 0-1

[Event "Huddersfield 4NCL op 32nd"]
[Site "Huddersfield"]
[Date "2025.01.17"]
[Round "1"]
[White "Cast, Julian"]
[Black "Mikalajunas, Kajus"]
[Result "0-1"]
[WhiteElo "1963"]
[BlackElo "1975"]
[PlyCount "52"]
[EventDate "2025.01.17"]
[EventType "swiss"]
[EventRounds "5"]
[EventCountry "ENG"]
[SourceTitle "CB04_2025"]
[SourceDate "2025.01.22"]
[SourceVersion "1"]
[SourceVersionDate "2025.01.22"]
[SourceQuality "1"]

1. d4 d5 2. Nf3 Nf6 3. e3 c5 4. b3 cxd4 5. exd4 Nc6 6. Bd3 Bg4 7. Bb2 e6 8. Nbd2 Bd6 9. h3 Bh5 10. 0-0 0-0 11. a3 Rc8 12. Qe1 Qb6 13. Rb1 Bf4 14. c3 Rfe8 15. g3 Bxd2 16. Nxd2 e5 17. Bf5 Rcd8 18. Qc1 exd4 19. c4 dxc4 20. Nxc4 Qb5 21. g4 Bg6 22. Bxg6 hxg6 23. Qd1 Ne4 24. Re1 Ng5 25. Rxe8+ Rxe8 26. Kh2 Re1 0-1

[Event "Hastings Weekend op 98th"]
[Site "Hastings"]
[Date "2025.01.05"]
[Round "4"]
[White "Mikalajunas, Kajus"]
[Black "Liu, Tianyi"]
[Result "1/2-1/2"]
[WhiteElo "1975"]
[BlackElo "2180"]
[PlyCount "198"]
[EventDate "2025.01.03"]
[EventType "swiss"]
[EventRounds "5"]
[EventCountry "ENG"]
[SourceTitle "CB03_2025"]
[SourceDate "2025.01.15"]
[SourceVersion "1"]
[SourceVersionDate "2025.01.15"]
[SourceQuality "1"]

1. Nf3 Nf6 2. g3 g6 3. Bg2 Bg7 4. 0-0 0-0 5. c4 d5 6. cxd5 Nxd5 7. d4 Nb6 8. e4 Bg4 9. d5 Qd7 10. Nc3 c6 11. Bf4 cxd5 12. exd5 Na6 13. Re1 Rfe8 14. Be5 Bxf3 15. Qxf3 Bxe5 16. Rxe5 Nc4 17. Re2 Nd6 18. Rae1 Rac8 19. h4 Rc7 20. Kh2 Qf5 21. Ne4 Qxf3 22. Bxf3 Nxe4 23. Rxe4 Nc5 24. R4e3 Rd7 25. b4 Na6 26. a3 Nc7 27. d6 Ne6 28. dxe7 Rdxe7 29. g4 h6 30. Kg3 Kf8 31. Bd5 Nd8 32. Rxe7 Rxe7 33. Rc1 Rd7 34. Be4 Kg7 35. Kf4 Kf6 36. Ke3 Ne6 37. f4 b6 38. Rc6 Rc7 39. Rd6 Rc3+ 40. Rd3 Rc1 41. f5 gxf5 42. Bxf5 Rh1 43. Bxe6 Kxe6 44. Kf4 Rxh4 45. Kg3 Rh1 46. Re3+ Kf6 47. Rf3+ Kg6 48. Kf4 Rh4 49. Kg3 Rh1 50. Kf4 Re1 51. Rc3 Re7 52. Rc6+ Kg7 53. Rc3 Rd7 54. Kf5 Rd5+ 55. Ke4 Rg5 56. Kf4 a5 57. Rc6 axb4 58. Rxb6 bxa3 59. Ra6 Rg6 60. Rxa3 Rb6 61. Kf5 Rb5+ 62. Kf4 Kg6 63. Ra6+ f6 64. Ra8 h5 65. gxh5+ Rxh5 66. Kg4 Rg5+ 67. Kf4 Rb5 68. Rg8+ Kf7 69. Ra8 Re5 70. Rb8 Rd5 71. Ra8 Rd1 72. Kf5 Rf1+ 73. Ke4 Kg6 74. Rg8+ Kf7 75. Ra8 Kg7 76. Rb8 Re1+ 77. Kf5 Re7 78. Ra8 Kf7 79. Rb8 Re5+ 80. Kf4 Re8 81. Rxe8 Kxe8 82. Kf5 Kf7 83. Kf4 Kg6 84. Kg4 f5+ 85. Kf4 Kf6 86. Kf3 Ke5 87. Ke3 f4+ 88. Kf3 Kf5 89. Kf2 Kg4 90. Kg2 f3+ 91. Kf2 Kf4 92. Kf1 Ke4 93. Kf2 Kf4 94. Kf1 Kg3 95. Kg1 Kh3 96. Kf2 Kg4 97. Kf1 Kg3 98. Kg1 f2+ 99. Kf1 Kf3 1/2-1/2

[Event "Hastings Weekend op 98th"]
[Site "Hastings"]
[Date "2025.01.03"]
[Round "1"]
[White "Mikalajunas, Kajus"]
[Black "Gartside, Carl"]
[Result "1-0"]
[WhiteElo "1975"]
[BlackElo "1810"]
[PlyCount "81"]
[EventDate "2025.01.03"]
[EventType "swiss"]
[EventRounds "5"]
[EventCountry "ENG"]
[SourceTitle "CB03_2025"]
[SourceDate "2025.01.15"]
[SourceVersion "1"]
[SourceVersionDate "2025.01.15"]
[SourceQuality "1"]

1. Nf3 Nf6 2. g3 d5 3. Bg2 Bf5 4. 0-0 e6 5. c4 c6 6. cxd5 exd5 7. d3 Be7 8. Nd4 Bg6 9. Nc3 0-0 10. e4 dxe4 11. dxe4 Qb6 12. e5 Nd5 13. Bxd5 Rd8 14. Ne6 fxe6 15. Bxe6+ Kh8 16. Qg4 Na6 17. h4 Rd4 18. Qh3 Rd3 19. h5 Be8 20. Qf5 Rxg3+ 21. Kh2 g6 22. Qb1 Rf3 23. Kg2 Nc5 24. Kxf3 Nxe6 25. Be3 Nd4+ 26. Bxd4 Qxd4 27. Qe4 Qd7 28. e6 Qd2 29. Qe5+ Kg8 30. Ne4 Qd3+ 31. Kg2 c5 32. h6 Qxe4+ 33. Qxe4 Bc6 34. Qxc6 bxc6 35. Rad1 Bg5 36. Rh1 Rb8 37. Rd7 Rxb2 38. Rg7+ Kf8 39. Rxh7 Rxa2 40. Rf7+ Ke8 41. h7 1-0

[Event "Hastings Masters op 98th"]
[Site "Hastings"]
[Date "2025.01.01"]
[Round "7"]
[White "Mikalajunas, Kajus"]
[Black "Bin Suhayl, Ieysaa"]
[Result "0-1"]
[WhiteElo "1941"]
[BlackElo "2183"]
[PlyCount "72"]
[EventDate "2024.12.28"]
[EventType "swiss"]
[EventRounds "9"]
[EventCountry "ENG"]
[SourceTitle "CB02_2025"]
[SourceDate "2025.01.08"]
[SourceVersion "1"]
[SourceVersionDate "2025.01.08"]
[SourceQuality "1"]

1. Nf3 d5 2. g3 Nf6 3. Bg2 c6 4. 0-0 Bg4 5. c4 e6 6. cxd5 Bxf3 7. Bxf3 cxd5 8. Nc3 Nc6 9. d4 Bb4 10. e3 Bxc3 11. bxc3 0-0 12. Rb1 Qd7 13. c4 dxc4 14. Qc2 b5 15. a4 a6 16. Ba3 Rfc8 17. Bc5 Nd5 18. e4 Nf6 19. Rfd1 Na5 20. Bb4 Nb3 21. d5 e5 22. Qb2 Nd4 23. Rxd4 exd4 24. Qxd4 a5 25. Bc5 b4 26. e5 Qf5 27. Kg2 Qxb1 28. exf6 c3 29. d6 c2 30. Qg4 g6 31. Bxa8 Rxa8 32. Qe4 Rf8 33. Qe7 Qf1+ 34. Kxf1 c1Q+ 35. Kg2 Qxc5 36. d7 Qb6 0-1

[Event "Sutton Coldfield Escott Memorial op"]
[Site "Sutton Coldfield"]
[Date "2024.12.15"]
[Round "5"]
[White "Teh, Wee Zhun"]
[Black "Mikalajunas, Kajus"]
[Result "0-1"]
[WhiteElo "1977"]
[BlackElo "1941"]
[PlyCount "96"]
[EventDate "2024.12.14"]
[EventType "swiss"]
[EventRounds "5"]
[EventCountry "ENG"]
[SourceTitle "CB51_2024"]
[SourceDate "2024.12.18"]
[SourceVersion "1"]
[SourceVersionDate "2024.12.18"]
[SourceQuality "1"]

1. d4 d5 2. Nc3 Nf6 3. Bf4 g6 4. e3 Bg7 5. h4 0-0 6. h5 Nxh5 7. Rxh5 gxh5 8. Qxh5 c6 9. Nf3 Nd7 10. Bd3 Nf6 11. Qh4 Ne4 12. Nxe4 dxe4 13. Bxe4 Bf5 14. Bxf5 Qa5+ 15. c3 Qxf5 16. 0-0-0 f6 17. Qg3 Qg6 18. Qh3 e5 19. dxe5 fxe5 20. Nxe5 Bxe5 21. Bxe5 Rxf2 22. Rd2 Rf1+ 23. Rd1 Rxd1+ 24. Kxd1 Qb1+ 25. Ke2 Qxb2+ 26. Kf3 Rf8+ 27. Kg3 Qf2+ 28. Kh2 Qf5 29. Qg3+ Qg6 30. Qh4 Kf7 31. Bf4 Rg8 32. Qh3 Qg4 33. Qxh7+ Rg7 34. Qe4 Qh4+ 35. Kg1 Qe1+ 36. Kh2 Qh4+ 37. Kg1 Qg4 38. Qc4+ Qe6 39. Qd4 Qd5 40. Qxd5+ cxd5 41. Kf2 Rg6 42. Be5 Ra6 43. Kf3 Rxa2 44. g4 a5 45. Bd4 a4 46. Kf4 a3 47. Ke5 Rd2 48. Kxd5 a2 0-1

[Event "ENG-ch"]
[Site "Kenilworth"]
[Date "2024.06.23"]
[Round "7"]
[White "Dias, Savin"]
[Black "Mikalajunas, Kajus"]
[Result "1-0"]
[WhiteElo "1983"]
[BlackElo "1995"]
[PlyCount "65"]
[EventDate "2024.06.20"]
[EventType "swiss"]
[EventRounds "7"]
[EventCountry "ENG"]
[SourceTitle "CBM 220 Extra"]
[Source "ChessBase"]
[SourceDate "2024.07.31"]
[SourceVersion "1"]
[SourceVersionDate "2024.07.31"]
[SourceQuality "1"]

1. e4 c6 2. d4 d5 3. Nc3 dxe4 4. Nxe4 Nf6 5. Nxf6+ exf6 6. c3 Bd6 7. Bd3 0-0 8. Qc2 Re8+ 9. Ne2 h5 10. Be3 Nd7 11. 0-0-0 Nf8 12. Rhg1 Qa5 13. a3 b5 14. Nf4 Bg4 15. Rde1 Re7 16. h3 Rae8 17. hxg4 Bxf4 18. Rh1 Bxe3+ 19. fxe3 Rxe3 20. Rxe3 Rxe3 21. Qd2 Rg3 22. gxh5 Qc7 23. Be4 Ne6 24. h6 g6 25. Qf2 f5 26. Bxc6 Nf4 27. Kb1 Nd3 28. h7+ Kh8 29. Qe2 Qb8 30. Qe7 Kg7 31. h8Q+ Qxh8 32. Rxh8 Kxh8 33. Qh4+ 1-0

[Event "ENG-ch"]
[Site "Kenilworth"]
[Date "2024.06.21"]
[Round "3"]
[White "McLachlan, Matthew"]
[Black "Mikalajunas, Kajus"]
[Result "0-1"]
[WhiteElo "1917"]
[BlackElo "1995"]
[PlyCount "64"]
[EventDate "2024.06.20"]
[EventType "swiss"]
[EventRounds "7"]
[EventCountry "ENG"]
[SourceTitle "CBM 220 Extra"]
[Source "ChessBase"]
[SourceDate "2024.07.31"]
[SourceVersion "1"]
[SourceVersionDate "2024.07.31"]
[SourceQuality "1"]

1. d4 d5 2. c4 dxc4 3. e4 Nf6 4. e5 Nd5 5. Bxc4 Nb6 6. Bd3 Nc6 7. Be3 Nb4 8. Be4 f5 9. a3 N4d5 10. Bf3 e6 11. Ne2 Be7 12. Nbc3 c6 13. Bxd5 Nxd5 14. Nxd5 cxd5 15. Nf4 0-0 16. h4 Qa5+ 17. Qd2 Qa6 18. Qe2 Qb6 19. h5 Bd7 20. Rh3 Bb5 21. Qf3 Ba6 22. Rg3 Qxb2 23. Rd1 Bxa3 24. Bd2 Bb4 25. Bxb4 Qxb4+ 26. Qc3 Qb5 27. Qe3 Rfc8 28. Nd3 Rc7 29. Nc5 f4 30. Nxa6 fxe3 31. Nxc7 Qa5+ 32. Ke2 Qxc7 0-1

[Event "British Rapidplay"]
[Site "Peterborough"]
[Date "2024.03.03"]
[Round "11"]
[White "Ortiz Sanchez, Luis"]
[Black "Mikalajunas, Kajus"]
[Result "0-1"]
[WhiteElo "1926"]
[BlackElo "1940"]
[PlyCount "82"]
[EventDate "2024.03.02"]
[EventType "swiss (rapid)"]
[EventRounds "11"]
[EventCountry "ENG"]
[SourceTitle "CBM 219 Extra"]
[Source "ChessBase"]
[SourceDate "2024.05.31"]
[SourceVersion "1"]
[SourceVersionDate "2024.05.31"]
[SourceQuality "1"]

1. e4 c6 2. Nf3 d5 3. Nc3 dxe4 4. Nxe4 Nf6 5. Qe2 Nxe4 6. Qxe4 Nd7 7. Bc4 Nf6 8. Ne5 e6 9. Qe2 Bd6 10. d4 0-0 11. c3 Qc7 12. Bb3 b5 13. Bc2 Bb7 14. Ng4 Nxg4 15. Qxg4 c5 16. Be3 cxd4 17. Bxd4 f5 18. Qg5 e5 19. Be3 f4 20. Bd2 Rad8 21. 0-0-0 a5 22. f3 a4 23. a3 Qf7 24. Kb1 Bd5 25. Qh4 g6 26. Rhe1 Bb3 27. Bc1 Bxc2+ 28. Kxc2 Be7 29. Qh3 Qb3+ 30. Kb1 Rxd1 31. Rxd1 Qxd1 32. Qe6+ Rf7 33. Qxe5 Qd3+ 34. Ka1 Qf1 35. Kb1 Qxg2 36. Bxf4 Qf1+ 37. Bc1 Qxf3 38. Qb8+ Rf8 39. Qc7 Qe4+ 40. Ka1 Rf1 41. Qb8+ Bf8 0-1

[Event "British Rapidplay"]
[Site "Peterborough"]
[Date "2024.03.02"]
[Round "2"]
[White "Mikalajunas, Kajus"]
[Black "McCarthy, Kevin"]
[Result "1-0"]
[WhiteElo "1940"]
[BlackElo "1992"]
[PlyCount "97"]
[EventDate "2024.03.02"]
[EventType "swiss (rapid)"]
[EventRounds "11"]
[EventCountry "ENG"]
[SourceTitle "CBM 219 Extra"]
[Source "ChessBase"]
[SourceDate "2024.05.31"]
[SourceVersion "1"]
[SourceVersionDate "2024.05.31"]
[SourceQuality "1"]

1. d4 e6 2. e4 d5 3. exd5 exd5 4. Bd3 Nf6 5. Nf3 Bd6 6. 0-0 0-0 7. Re1 Bg4 8. h3 Bh5 9. Nbd2 Nbd7 10. Nf1 c6 11. Ne3 Re8 12. b3 Qc7 13. Bb2 Ne4 14. a3 Ndf6 15. c4 Rad8 16. cxd5 Nxf2 17. Kxf2 Bg3+ 18. Kf1 Bxe1 19. Qxe1 Bxf3 20. gxf3 Qh2 21. Qf2 Qh1+ 22. Ke2 Qxh3 23. Kd2 Qh6 24. f4 Rxe3 25. Qxe3 Nxd5 26. Qf2 Nxf4 27. Kc2 Nd5 28. Re1 b5 29. Qf3 g6 30. Be4 Qg5 31. Bc1 Qh4 32. Rh1 Qe7 33. Bxd5 cxd5 34. Rh2 a5 35. Re2 Qd6 36. Kb2 a4 37. b4 Rc8 38. Bh6 Qc6 39. Qe3 Qd7 40. Qe5 f6 41. Qxf6 Qf7 42. Qe5 Qc7 43. Qxd5+ Qf7 44. Qxf7+ Kxf7 45. d5 Rd8 46. Rf2+ Ke8 47. Rf8+ Kd7 48. Rxd8+ Kxd8 49. Kc3 1-0

[Event "GBR-ch Major op 109th"]
[Site "Leicester"]
[Date "2023.07.25"]
[Round "4"]
[White "Mikalajunas, Kajus"]
[Black "Clarke, Brandon GI"]
[Result "0-1"]
[WhiteElo "1881"]
[BlackElo "2486"]
[PlyCount "106"]
[EventDate "2023.07.22"]
[EventType "swiss"]
[EventRounds "9"]
[EventCountry "ENG"]
[SourceTitle "EXT 2024"]
[Source "ChessBase"]
[SourceDate "2023.10.10"]
[SourceVersion "1"]
[SourceVersionDate "2023.10.10"]
[SourceQuality "1"]

1. e4 c5 2. c3 d6 3. d4 Nf6 4. Bd3 g6 5. Ne2 Bg7 6. 0-0 0-0 7. f3 Nc6 8. Be3 d5 9. e5 Nd7 10. f4 Qb6 11. Nd2 Bh6 12. dxc5 Qxb2 13. Nb3 Ndxe5 14. Bc1 Nxd3 15. Bxb2 Nxb2 16. Qxd5 Be6 17. Qf3 Rad8 18. Ned4 Bd5 19. Qe2 Na4 20. Qc2 Bg7 21. Rad1 Nxc3 22. Qxc3 Bxb3 23. Qxb3 Bxd4+ 24. Kh1 Bxc5 25. Qxb7 Nd4 26. Rc1 Bb6 27. Qxe7 Rd5 28. Rcd1 Ra5 29. Rd2 Nf5 30. Qf6 Ne3 31. Rf3 Rb5 32. h3 Rb1+ 33. Kh2 Nf1+ 34. Rxf1 Rxf1 35. Re2 Bc7 36. g3 Bd8 37. Qe5 Bb6 38. Kg2 Rg1+ 39. Kh2 Rc1 40. Qf6 Rfc8 41. f5 R8c2 42. Qe5 Bd4 43. Qe8+ Kg7 44. fxg6 hxg6 45. h4 Re1 46. Qxf7+ Kxf7 47. Rxc2 Re3 48. Rf2+ Ke6 49. Rf4 Be5 50. Rg4 Kf5 51. Rg5+ Kf6 52. a4 Re4 53. a5 Rxh4+ 0-1

[Event "GBR-ch Major op 109th"]
[Site "Leicester"]
[Date "2023.07.24"]
[Round "3"]
[White "Verma, Shlok"]
[Black "Mikalajunas, Kajus"]
[Result "1-0"]
[WhiteElo "2000"]
[BlackElo "1881"]
[PlyCount "79"]
[EventDate "2023.07.22"]
[EventType "swiss"]
[EventRounds "9"]
[EventCountry "ENG"]
[SourceTitle "EXT 2024"]
[Source "ChessBase"]
[SourceDate "2023.10.10"]
[SourceVersion "1"]
[SourceVersionDate "2023.10.10"]
[SourceQuality "1"]

1. d4 Nf6 2. c4 c5 3. d5 e6 4. Nc3 exd5 5. cxd5 d6 6. Nf3 a6 7. a4 g6 8. Bf4 Bg7 9. h3 0-0 10. e3 Qe7 11. Be2 Bf5 12. Nd2 Nbd7 13. 0-0 Ne5 14. e4 Bd7 15. Be3 Bc8 16. f4 Ned7 17. Qc2 Rb8 18. Rae1 Re8 19. Bd3 Nf8 20. a5 b5 21. axb6 Rxb6 22. Nc4 Rb4 23. e5 dxe5 24. fxe5 N6d7 25. Nd6 Bxe5 26. Nxe8 Qxe8 27. Kh1 Qd8 28. Bxc5 Nxc5 29. Rxe5 Nxd3 30. Qxd3 Rxb2 31. Qf3 Bf5 32. Rfe1 Qc7 33. Nd1 Rb1 34. Re8 Qa5 35. Qe3 Qb4 36. Qe5 Bd7 37. Rd8 Qc5 38. Qf6 Qb4 39. Rf1 Bf5 40. d6 1-0

[Event "GBR-ch Major op 109th"]
[Site "Leicester"]
[Date "2023.07.22"]
[Round "1"]
[White "Mikalajunas, Kajus"]
[Black "Twisk, Sebastian"]
[Result "1-0"]
[WhiteElo "1881"]
[BlackElo "1599"]
[PlyCount "53"]
[EventDate "2023.07.22"]
[EventType "swiss"]
[EventRounds "9"]
[EventCountry "ENG"]
[SourceTitle "EXT 2024"]
[Source "ChessBase"]
[SourceDate "2023.10.10"]
[SourceVersion "1"]
[SourceVersionDate "2023.10.10"]
[SourceQuality "1"]

1. e4 c6 2. Nc3 d5 3. Nf3 Bg4 4. Be2 e6 5. 0-0 Nf6 6. Ne5 Bxe2 7. Qxe2 d4 8. Nb1 Bd6 9. Nxf7 Kxf7 10. e5 Bxe5 11. Qxe5 Qd5 12. Qe2 c5 13. d3 Nc6 14. Nd2 h5 15. Nf3 e5 16. Ng5+ Kg8 17. Ne4 Rf8 18. Bg5 Nxe4 19. dxe4 Qe6 20. h4 Ne7 21. f4 exf4 22. Bxf4 g6 23. Qd2 Kg7 24. Bh6+ Rxh6 25. Rxf8 Qxe4 26. Re1 Qxh4 27. Rf4 1-0

[Event "ENG-ch Chessable"]
[Site "Kenilworth"]
[Date "2023.05.26"]
[Round "1"]
[White "Mikalajunas, Kajus"]
[Black "Pert, Richard G"]
[Result "0-1"]
[WhiteElo "1828"]
[BlackElo "2412"]
[PlyCount "152"]
[EventDate "2023.05.26"]
[EventType "swiss"]
[EventRounds "7"]
[EventCountry "ENG"]
[SourceTitle "CBM 214 Extra"]
[Source "ChessBase"]
[SourceDate "2023.07.31"]
[SourceVersion "1"]
[SourceVersionDate "2023.07.31"]
[SourceQuality "1"]

1. e4 c6 2. Nf3 d5 3. Nc3 Bg4 4. Be2 dxe4 5. Nxe4 Nf6 6. Ng3 e6 7. Ne5 Bxe2 8. Qxe2 Nbd7 9. 0-0 Nxe5 10. Qxe5 Bd6 11. Qe2 Bxg3 12. fxg3 Qd4+ 13. Qf2 Qxf2+ 14. Rxf2 0-0 15. d3 a5 16. h3 Nd5 17. Bd2 Rfd8 18. a4 Rd7 19. Ra3 Nb4 20. Bc3 f6 21. Rb3 c5 22. g4 h6 23. Kf1 Rc8 24. Rd2 e5 25. Bxb4 axb4 26. c3 bxc3 27. Rxc3 Rd4 28. b3 Kf7 29. Ke2 Ke6 30. Rc4 b6 31. Rdc2 Ra8 32. Rxd4 exd4 33. Kf3 Kd5 34. Re2 b5 35. axb5 Ra3 36. Rb2 g5 37. g3 Ra5 38. h4 Rxb5 39. h5 Rb8 40. Kf2 Rb7 41. Kf3 Rb6 42. Kf2 Ra6 43. Kf3 Ra1 44. Kf2 Rh1 45. Kf3 Re1 46. Kf2 Re3 47. Rd2 Kd6 48. Rd1 Kd5 49. Rd2 Kd6 50. Rd1 f5 51. gxf5 g4 52. Kg2 Rf3 53. Re1 Rxf5 54. Re4 Rg5 55. Rf4 Kd5 56. Re4 Rxh5 57. Rxg4 Re5 58. Rf4 h5 59. Kf2 Kc6 60. Re4 Rf5+ 61. Ke2 Kb5 62. Re8 Kb4 63. Rb8+ Kc3 64. Rb5 Re5+ 65. Kf3 Kxd3 66. Kf4 Rd5 67. Ra5 Kc3 68. Ke4 Rg5 69. Kf4 Rg4+ 70. Kf3 Kb4 71. Ra8 Kxb3 72. Rh8 Rg5 73. Kf4 Rd5 74. Ke4 Rd7 75. Rxh5 c4 76. Rb5+ Kc3 0-1

[Event "BCF-ch rapidplay 34th"]
[Site "Bingley"]
[Date "2023.04.16"]
[Round "8"]
[White "Mosnegutu, Klaus"]
[Black "Mikalajunas, Kajus"]
[Result "1-0"]
[WhiteElo "2180"]
[BlackElo "1806"]
[PlyCount "87"]
[EventDate "2023.04.15"]
[EventType "swiss (rapid)"]
[EventRounds "11"]
[EventCountry "ENG"]
[SourceTitle "CBM 213 Extra"]
[Source "ChessBase"]
[SourceDate "2023.05.31"]
[SourceVersion "1"]
[SourceVersionDate "2023.05.31"]
[SourceQuality "1"]

1. d4 Nf6 2. c4 c5 3. d5 e6 4. Nc3 exd5 5. cxd5 d6 6. e4 g6 7. f4 Bg7 8. Nf3 0-0 9. Be2 Bg4 10. 0-0 Bxf3 11. Bxf3 Nbd7 12. Re1 Qe7 13. Be3 Rab8 14. a4 a6 15. Qd3 Rfc8 16. Bf2 c4 17. Qd2 b5 18. axb5 axb5 19. Ra7 Ne8 20. Na2 b4 21. Nxb4 c3 22. bxc3 Bxc3 23. Qxc3 Rxc3 24. Nc6 Qf8 25. Rxd7 Ng7 26. Nxb8 Qxb8 27. e5 dxe5 28. fxe5 Qc8 29. e6 fxe6 30. dxe6 Rc1 31. Rxc1 Qxc1+ 32. Rd1 Qc7 33. g4 Kf8 34. Bd5 h6 35. Ra1 Ne8 36. Ra7 Qc2 37. Kg2 Qd1 38. Rf7+ Kg8 39. Bf3 Qd6 40. Rd7 Qb8 41. Bd4 Qc8 42. Be4 Qc1 43. Bxg6 Nc7 44. Rd8+ 1-0